[Event "Sautron op 13th"]
[Site "Sautron"]
[Date "2013.11.02"]
[Round "9"]
[White "Lagarde, Maxime"]
[Black "Ider, Borya"]
[Result "1/2-1/2"]
[WhiteElo "2523"]
[BlackElo "2377"]
[Annotator "RR"]
[PlyCount "198"]
[EventDate "2013.10.26"]
[EventType "swiss"]
[EventRounds "9"]
[EventCountry "FRA"]
[SourceTitle "EXT 2014"]
[Source "ChessBase"]
[SourceDate "2013.11.20"]
[SourceVersion "1"]
[SourceVersionDate "2013.11.20"]
[SourceQuality "1"]
[TimeControl "40/5400+30:1800+30"]
[WhiteClock "1:30:00"]
[BlackClock "1:30:00"]

1. d4 {[%emt 0:09:39]} e6 {[%emt 0:00:50]} 2. c4 {[%emt 0:00:08]} Nf6 {[%emt 0:
00:11]} 3. Nf3 {[%emt 0:00:09]} Bb4+ {[%emt 0:03:26]} (3... Nc6 4. g3 Bb4+ 5.
Bd2 Qe7 6. Bg2 Bxd2+ (6... O-O $143 7. O-O Bxd2 8. Qxd2 d6 9. Nc3 $16) 7. Nbxd2
d6 8. O-O a5 (8... O-O 9. e4 e5 10. d5 Nb8 11. Ne1 a5 12. Nd3 Na6 13. a3 Bg4
14. f3 Bd7 15. b4 c6 16. bxa5 cxd5 17. cxd5 Bb5 18. Qb3 Nc7 19. Nc4 $14) 9. e4
e5 10. d5 Nb8 11. Ne1 h5 12. Nef3 Nbd7 13. Qe2 Nc5 14. h3 c6 15. b3 O-O 16. a3
cxd5 17. cxd5 Bd7 18. Rfc1 Rfc8 19. Qe3 b5 20. Rc2 $14 {Eljanov,P (2455)
-Alexandrova,O (2400) Alushta 2000 (1) 1-0}) 4. Bd2 {[%emt 0:00:12]} Qe7 {
[%emt 0:00:05]} 5. g3 {[%emt 0:00:04]} Nc6 {[%emt 0:00:10]} 6. Nc3 {[%emt 0:00:
04]} (6. Bg2) 6... O-O {[%emt 0:00:55]} 7. Bg2 {[%emt 0:01:51]} d6 {[%emt 0:00:
09]} 8. O-O {[%emt 0:02:34]} Bxc3 {[%emt 0:01:24]} 9. Bxc3 {[%emt 0:00:05]} e5
{[%emt 0:00:27]} 10. Qc2 {[%emt 0:04:37]} (10. d5 Nb8 11. Nd2 a5 12. b3 c5 13.
e4 Nbd7 14. Qc2 h6 15. f4 Nh7 16. Rae1 b6 17. Nf3 a4 18. bxa4 Ra6 19. Rb1 Nhf6
20. f5 Bb7 21. a5 Rfa8 22. Rb2 Bc8 23. Rfb1 bxa5 24. Nd2 a4 25. a3 Qd8 26. h3
Rb6 27. Rxb6 Nxb6 28. Kh2 Qc7 29. g4 Nbd7 30. Bf3 Nf8 31. h4 g5 32. hxg5 hxg5
33. Kg3 Ne8 34. Be2 f6 35. Qb2 Qh7 36. Nf3 Qc7 37. Qb6 Qxb6 38. Rxb6 Nd7 39.
Rb5 Nc7 {Potkin,V (2647)-Bologan,V (2672) Khanty-Mansiysk 2013 1-0 (63)}) 10...
a5 {[%emt 0:02:39]} 11. d5 {[%emt 0:01:39]} (11. Rad1 Re8 12. dxe5 dxe5 13. Ng5
h6 14. Ne4 {Tal,M (2615)-Petrosian,T (2635) Biel Interzonal playoff 1976 (1) 1/
2}) 11... Nb8 {[%emt 0:00:39][%cal Gb8d7]} 12. Nh4 {[%emt 0:00:10]} Nbd7 {
[%emt 0:12:25]} 13. e4 {[%emt 0:12:28]} Nc5 {[%emt 0:01:47]} 14. Rae1 {[%emt 0:
00:13]} Nh5 $146 {[%emt 0:08:46]} (14... c6 15. f4 exf4 16. Rxf4 Nh5 17. Rff1
Bg4 18. Nf5 Bxf5 19. exf5 Qc7 20. f6 Rae8 21. fxg7 Nxg7 22. Qd2 Rxe1 23. Rxe1
f6 24. Bxa5 b6 25. Bc3 cxd5 26. Bxd5+ Kh8 27. Qh6 {1-0 (27) Hebden,M (2522)
-Worek,J (2226) Hastings 2009}) 15. Qd1 {[%emt 0:16:19]} g6 {[%emt 0:00:30]}
16. f4 $1 {[%emt 0:01:33][%csl Rg7,Rg8]} f6 {[%emt 0:11:52] Il faut tenir les
cases Noires} 17. f5 {[%emt 0:02:19]} Qf7 {[%emt 0:00:28]} 18. b3 {[%emt 0:04:
09]} g5 {[%emt 0:03:03]} 19. Bf3 {[%emt 0:00:58]} (19. Nf3) 19... Nxg3 {
[%emt 0:05:49]} 20. hxg3 {[%emt 0:00:16]} gxh4 {[%emt 0:00:05]} 21. gxh4 {
[%emt 0:10:42]} Kh8 {[%emt 0:00:25]} 22. Kh2 {[%emt 0:00:18]} Bd7 {[%emt 0:00:
17]} 23. Rg1 {[%emt 0:02:01]} b6 {[%emt 0:01:54]} 24. h5 {[%emt 0:04:16]} (24.
Qe2) (24. Rg2 Rg8 25. Reg1) 24... Rg8 {[%emt 0:01:04]} 25. h6 $14 {[%emt 0:00:
36][%csl Gg7,Rh7][%cal Gf3h5] Gagne de l'espace tout en fixant la faiblesse
"h7"} Rxg1 {[%emt 0:00:50]} 26. Rxg1 {[%emt 0:00:05]} Rg8 {[%emt 0:00:06]} 27.
Bd2 {[%emt 0:02:47]} Rxg1 {[%emt 0:00:53]} 28. Qxg1 {[%emt 0:00:07]} Qg8 $11 {
[%emt 0:00:04]} 29. Qe3 {[%emt 0:01:35]} Qf8 {[%emt 0:01:56]} 30. Bd1 {[%emt 0:
06:02][%cal Ga2a3,Gb3b4]} Nb7 {[%emt 0:04:51]} 31. Be1 {[%emt 0:02:29]} Nc5 {
[%emt 0:01:16]} 32. Bh4 {[%emt 0:01:25]} (32. a3 a4 $1 33. b4 Nb3 34. Bxb3 axb3
35. Bd2 b2 36. Qb3 Qe8 {[%cal Ge8h5]}) 32... Be8 {[%emt 0:01:02]} 33. Kg1 {
[%emt 0:01:26]} Kg8 $1 {[%emt 0:00:43][%cal Gg8f7,Gf7e7]} 34. Kf1 {[%emt 0:02:
12]} Kf7 {[%emt 0:03:44]} 35. Bf2 {[%emt 0:03:40]} Ke7 {[%emt 0:00:53]} 36. a3
{[%emt 0:03:13]} a4 $1 {[%emt 0:01:50]} 37. b4 {[%emt 0:00:04]} Nb3 {[%emt 0:
00:03] Un thème classique dans ce genre de structure} 38. c5 {[%emt 0:00:15]}
Bb5+ {[%emt 0:04:41]} 39. Ke1 {[%emt 0:02:22]} bxc5 {[%emt 0:01:58]} 40. bxc5 {
[%emt 0:00:00]} Nxc5 {[%emt 0:00:00] Joué à tempo alors que les Noirs
avaient encore 25 mns à la pendule mais Qa8 méritait analyse} (40... Qa8 $5 {
[%cal Ga8a4]} 41. Bxb3 axb3 42. Qxb3 Qa5+ {Rentrant dans une finale de B de
couleurs opposées}) 41. Qxc5 $1 {[%emt 0:02:27]} dxc5 {[%emt 0:01:52]} 42.
Bxc5+ {[%emt 0:00:03]} Ke8 {[%emt 0:00:14]} 43. Bxf8 {[%emt 0:00:18]} Kxf8 {
[%emt 0:00:03]} 44. Kd2 $14 {[%emt 0:00:06][%csl Ra4][%cal Gd2c3,Gc3b4]} c6 {
[%emt 0:06:26]} 45. d6 {[%emt 0:06:33]} c5 {[%emt 0:00:07][%csl Gb4]} 46. Kc3 {
[%emt 0:02:37]} (46. Bh5 $5 {[%csl Rf8]}) 46... Ke8 {[%emt 0:00:44]} 47. Bh5+ {
[%emt 0:00:49]} Kf8 {[%emt 0:00:05]} (47... Kd7 48. Bg6 $1 {[%csl Gh6]}) 48. d7
{[%emt 0:06:53]} (48. Kd2 Be8 49. Bd1 Bb5 50. Be2 Bc6 {[%csl Re4]} 51. Bd3 Ke8
52. Kc3 Kd7) 48... Bxd7 {[%emt 0:00:14]} 49. Kc4 {[%emt 0:00:03]} Bc6 {[%emt 0:
00:05]} 50. Bf3 {[%emt 0:00:03]} Ke7 {[%emt 0:01:18]} 51. Kxc5 {[%emt 0:01:45]
Malgré la position active du K Blanc, il est difficile pour le GMI de
progresser à cause de la faiblesse "e4"} Kd7 {[%emt 0:00:04]} 52. Kb4 {
[%emt 0:10:11]} Ke7 {[%emt 0:00:25]} 53. Ka5 {[%emt 0:01:45]} Kd7 {[%emt 0:01:
35]} 54. Bh5 {[%emt 0:02:50][%csl Rh7][%cal Gh5g6]} Bxe4 {[%emt 0:00:14]} 55.
Bg6 {[%emt 0:00:07]} Bc2 {[%emt 0:00:04]} 56. Bxh7 {[%emt 0:00:18]} Ke7 {
[%emt 0:00:03]} 57. Bg8 {[%emt 0:00:44]} Kf8 {[%emt 0:00:40]} (57... Bxf5 58.
h7 Bxh7 59. Bxh7) 58. Be6 {[%emt 0:00:04][%csl Rf8] Le K Noir ne peut plus
bouger à cause du P passé et les Blancs ont donc une pièce de plus...} Bd1 {
[%emt 0:01:35]} 59. Kb4 {[%emt 0:01:21]} Bc2 {[%emt 0:00:06]} 60. Kc5 {[%emt 0:
00:11]} (60. Kc3 Bd1) 60... Bb3 {[%emt 0:00:44]} 61. Kb4 {[%emt 0:01:21]} Bd1 {
[%emt 0:00:20]} 62. Kc3 {[%emt 0:00:39]} Bh5 {[%emt 0:01:29]} 63. Kd2 {[%emt 0:
01:48]} Bg4 {[%emt 0:00:12]} 64. Ke3 {[%emt 0:00:08]} Bh5 {[%emt 0:00:21]} 65.
Ke4 {[%emt 0:01:37]} Bd1 {[%emt 0:00:13]} 66. Ke3 {[%emt 0:00:46]} Bh5 {
[%emt 0:00:05]} 67. Kf2 {[%emt 0:00:04]} Bg4 {[%emt 0:00:15]} 68. Kg3 {[%emt 0:
00:53]} Bh5 {[%emt 0:00:06]} 69. Bd7 {[%emt 0:00:36]} Bd1 {[%emt 0:00:05]} 70.
Be6 {[%emt 0:00:10]} Bh5 {[%emt 0:00:04]} 71. Kf2 {[%emt 0:00:57]} Bd1 {
[%emt 0:00:29]} 72. Ke1 {[%emt 0:00:03]} Bc2 {[%emt 0:00:55]} 73. Kd2 {[%emt 0:
00:08]} Bb1 {[%emt 0:00:15]} 74. Kc3 {[%emt 0:00:38]} Be4 {[%emt 0:00:07]} 75.
Kc4 {[%emt 0:01:00]} Bb1 {[%emt 0:00:28]} 76. Kc5 {[%emt 0:01:02]} Bc2 {
[%emt 0:00:09]} 77. Kb5 {[%emt 0:01:37]} Bb3 {[%emt 0:00:23]} 78. Kb4 {[%emt 0:
00:35]} Bc2 {[%emt 0:00:07]} 79. Kc4 {[%emt 0:00:32]} Bb3+ {[%emt 0:00:17]} 80.
Kd3 {[%emt 0:00:08]} Bd1 {[%emt 0:00:08]} 81. Bc4 {[%emt 0:00:59]} Bh5 {
[%emt 0:01:07]} 82. Ke4 {[%emt 0:00:18]} Bg4 {[%emt 0:00:09]} 83. Bb5 {[%emt 0:
00:36]} Bd1 {[%emt 0:00:06]} 84. Kd5 {[%emt 0:00:34]} Bb3+ {[%emt 0:00:22]} 85.
Kd6 {[%emt 0:00:35]} Kf7 {[%emt 0:00:49]} 86. h7 {[%emt 0:00:32] Maxime
LAGARDE avait un mauvais départage et il devait absolument gagner cette
dernière ronde mais ses efforts vont rester vains.} Kg7 {[%emt 0:00:11]} 87.
Ke7 {[%emt 0:00:03]} Kxh7 {[%emt 0:00:53]} 88. Kxf6 {[%emt 0:00:06]} e4 {
[%emt 0:02:56]} 89. Ke7 {[%emt 0:00:29]} e3 {[%emt 0:00:42]} 90. f6 {[%emt 0:
01:02]} Kg6 {[%emt 0:01:22]} 91. Bd3+ {[%emt 0:00:09]} Kg5 {[%emt 0:00:03]} 92.
f7 {[%emt 0:00:18]} Bxf7 {[%emt 0:00:04]} 93. Kxf7 {[%emt 0:00:04]} Kf4 {
[%emt 0:00:02]} 94. Ke6 {[%emt 0:00:20]} Kf3 {[%emt 0:00:03]} 95. Kd5 {[%emt 0:
00:23]} e2 {[%emt 0:00:04]} 96. Bxe2+ {[%emt 0:00:02]} Kxe2 {[%emt 0:00:04]}
97. Kc4 {[%emt 0:00:06]} Ke3 {[%emt 0:00:04]} 98. Kb4 {[%emt 0:00:03]} Kd4 {
[%emt 0:00:03]} 99. Kxa4 {[%emt 0:00:03]} Ke5 1/2-1/2

[Event "POL-chT 66th"]
[Site "Katowice"]
[Date "2010.09.07"]
[Round "4"]
[White "Lagowski, Patryk"]
[Black "Warakomski, Tomasz"]
[Result "0-1"]
[WhiteElo "2322"]
[BlackElo "2468"]
[Annotator "RR"]
[PlyCount "118"]
[EventDate "2010.09.04"]
[EventType "team-tourn"]
[EventRounds "9"]
[EventCountry "POL"]
[SourceTitle "EXT 2016"]
[Source "ChessBase"]
[SourceDate "2015.10.08"]
[SourceVersion "1"]
[SourceVersionDate "2015.10.08"]
[SourceQuality "1"]
[WhiteTeam "Szkola Grudziadz"]
[BlackTeam "Wroclaw"]
[WhiteTeamCountry "POL"]
[BlackTeamCountry "POL"]

1. d4 Nf6 2. Nf3 e6 3. c4 Bb4+ 4. Bd2 Qe7 (4... c5 5. Bxb4 cxb4 6. e3 O-O 7.
Be2 (7. Bd3) 7... d6 8. O-O b6 9. a3 bxa3 10. Rxa3 Nc6 11. Nc3 Nb4 12. Na2 Nxa2
13. Rxa2 Bb7 14. b4 Ne4 $5 (14... a6 {Glek,I (2505)-Kiselev,S (2445) URS-sf
Moscow-ch 1989 1-0}) 15. Qa1 {Glek}) 5. g3 Nc6 6. Nc3 O-O 7. Bg2 Na5 (7... d6
8. d5 Ne5 9. Nxe5 dxe5 10. a3 Bc5 11. O-O exd5 12. cxd5 h6 13. Rc1 a6 14. Qb3
Bd6 15. Rfd1 Bd7 16. h3 Rfb8 17. e4 b5 18. Ne2 a5 19. Qc2 b4 20. axb4 axb4 21.
Ra1 Qe8 22. Rxa8 Rxa8 23. g4 Ra2 24. Qb3 Ra5 25. Rc1 Qa8 26. Ng3 Ra1 27. Qd1
Ra2 28. b3 Qa3 29. Be3 Rb2 30. Rb1 Qa2 31. Rxb2 Qxb2 32. Bf1 Nh7 33. Bd3 Nf8
34. Nf1 Qc3 35. Bc4 Ng6 36. Nd2 Nf4 37. Bf1 {Wang,Y (2718)-Amin,B (2627)
Tromso 2014 1/2-1/2}) (7... Bxc3 8. Bxc3 Ne4) 8. b3 b6 9. O-O Bb7 10. Qc2 Rac8
11. a3 $5 {[%cal Ge2e4] Un gambit pour réaliser la poussée centrale} (11.
Rfe1) 11... Bxa3 (11... Bxc3 12. Bxc3 Be4) 12. e4 Bb4 13. e5 Bxf3 14. Bxf3 Ne8
15. Ra4 c5 16. dxc5 (16. d5 $5 exd5 17. Nxd5 Qxe5 18. Re1 $44) 16... Bxc5 17.
Ne4 Nc6 18. Nxc5 Nxe5 19. Bg2 bxc5 20. Rxa7 Nc6 {[%csl Gd4]} 21. Bxc6 Rxc6 22.
Ba5 Nf6 23. Rd1 e5 $1 24. Qe2 Qe6 25. Bc3 d6 26. Qf3 Rfc8 27. Kg2 h6 28. h3 Nh7
29. h4 Nf6 30. Rd2 Ne8 31. Rda2 R6c7 32. Rxc7 Rxc7 33. Ra8 Rc8 34. Ra7 Rb8 35.
Bd2 Nf6 36. Ra6 Qe7 37. Qc6 Ne8 38. Rb6 Rxb6 39. Qxb6 {[%cal Gb3b4]} Qe6 $1 {
[%csl Rc4]} 40. Qc6 e4 41. b4 cxb4 42. Bxb4 e3 43. fxe3 Qxe3 44. Qf3 Qe5 45.
Bc3 Qe6 46. Qd3 Nf6 47. Bxf6 Qxf6 48. h5 Qe5 $17 {Même avec un P de plus ce
genre de finale est difficile à gagner mais le K Blanc est plus exposé} 49.
g4 Kf8 50. Kf3 Ke7 51. Qc2 Qd4 52. Qb3 Kf6 53. Qc2 Ke6 54. Qf5+ Ke7 55. Qc2 Qe5
56. Qb3 f5 57. Qb7+ Kf6 58. Qc7 fxg4+ 59. Kxg4 Qg5+ 0-1

[Event "POL-chT 66th"]
[Site "Katowice"]
[Date "2010.09.05"]
[Round "2"]
[White "Stachowiak, Kamil"]
[Black "Warakomski, Tomasz"]
[Result "1/2-1/2"]
[WhiteElo "2398"]
[BlackElo "2468"]
[Annotator "RR"]
[PlyCount "28"]
[EventDate "2010.09.04"]
[EventType "team-tourn"]
[EventRounds "9"]
[EventCountry "POL"]
[SourceTitle "EXT 2016"]
[Source "ChessBase"]
[SourceDate "2015.10.08"]
[SourceVersion "1"]
[SourceVersionDate "2015.10.08"]
[SourceQuality "1"]
[WhiteTeam "Wroclaw AZS WSB"]
[BlackTeam "Wroclaw"]
[WhiteTeamCountry "POL"]
[BlackTeamCountry "POL"]

1. d4 Nf6 2. Nf3 e6 3. c4 Bb4+ 4. Bd2 Qe7 5. g3 Nc6 6. Bg2 O-O 7. O-O Bxd2 8.
Qxd2 d5 9. cxd5 exd5 10. Nc3 Re8 11. Qf4 (11. Rfe1 a6 12. Rac1 Bf5 13. a3 Be4
14. b4 Na7 15. Nxe4 Nxe4 16. Qd3 c6 17. Ne5 Nb5 18. e3 Rad8 19. a4 Nbd6 20. Qc2
h5 21. Nd3 h4 22. f3 Ng5 23. gxh4 Ne6 24. Qf2 Nf5 25. Bh3 Nxh4 26. Bxe6 Qxe6
27. Qxh4 Qg6+ 28. Kh1 Qxd3 29. Rg1 Rd6 30. Rce1 Rg6 31. Rxg6 Qxg6 32. e4 Qd6
33. exd5 Rxe1+ 34. Qxe1 Qxd5 35. Qe8+ Kh7 36. Kg2 Qg5+ 37. Kh3 Qh6+ 38. Kg3
Qg5+ 39. Kh3 Qh5+ 40. Kg3 Qg5+ {Jakovenko,D (2747)-Tomashevsky,E (2701)
Yaroslavl 2014 1/2-1/2}) 11... Nh5 12. Qd2 Nf6 13. Qf4 Nh5 14. Qd2 Nf6 1/2-1/2

[Event "Rohde op 12th"]
[Site "Sautron"]
[Date "2012.10.29"]
[Round "4"]
[White "Koziak, Vitali"]
[Black "Drasko, Milan"]
[Result "1-0"]
[WhiteElo "2503"]
[BlackElo "2471"]
[Annotator "RR"]
[PlyCount "111"]
[EventDate "2012.10.27"]
[EventType "swiss"]
[EventRounds "9"]
[EventCountry "FRA"]
[SourceTitle "EXT 2014"]
[Source "ChessBase"]
[SourceDate "2013.11.20"]
[SourceVersion "1"]
[SourceVersionDate "2013.11.20"]
[SourceQuality "1"]
[TimeControl "40/5400+30:1800+30"]
[WhiteClock "1:30:00"]
[BlackClock "1:30:00"]

1. d4 {[%emt 0:00:00]} e6 {[%emt 0:00:00]} 2. c4 {[%emt 0:01:46]} Nf6 {[%emt 0:
00:00]} 3. g3 {[%emt 0:02:43]} Bb4+ {[%emt 0:00:35]} 4. Bd2 {[%emt 0:01:02]} a5
{[%emt 0:00:19]} (4... Qe7) (4... c5) (4... Be7 5. Bg2 d5 6. Nf3 O-O 7. O-O c6
8. Qc2 b6 9. Rd1 Bb7 (9... a5 10. Bg5 (10. Bf4) 10... Ba6 11. Nbd2 Nbd7 12.
Rac1 h6 13. Bxf6 Bxf6 (13... Nxf6 14. e4 Rc8 (14... dxe4 15. Nxe4 Nxe4 16. Qxe4
) 15. Qb1 (15. e5)) 14. e4 c5 15. exd5 cxd4 16. dxe6 fxe6 17. Qg6 (17. Ne4 e5 (
17... Rc8 18. Nxf6+ Nxf6 19. Rxd4) 18. Nxf6+ Qxf6 (18... Nxf6 19. Nxe5) 19. Nh4
$36) 17... Qe8 18. Qxe8 Raxe8 19. Ne4 e5 20. Ne1 Be7 21. Nd3 {Pelletier,Y 
(2587)-Nguyen Chi Minh (2381) FRA-chT Top 12 2011 (3.3) 1-0}) 10. Nc3 Nbd7 11.
b3 Rc8 12. e4 Nxe4 (12... dxe4 13. Ng5) 13. Nxe4 dxe4 14. Qxe4 Ba8 15. Qe2 {
Witt,R (2248)-Krishnasing,A Bussum op 28th 2011 (5) 1-0} (15. Qe3 c5 16. Bc3 (
16. d5) 16... cxd4 17. Nxd4 (17. Bxd4) 17... Bf6 18. Bxa8 Rxa8 19. Rd2 (19. Rd3
) 19... Qc7 (19... Rc8 20. Rad1) 20. Rad1)) 5. Bg2 {[%emt 0:00:52]} d6 {
[%emt 0:00:26][%cal Ge6e5] Anticipe l'échange des B pour jouer ensuite sur
cases noires au centre.} (5... d5 {Transpose dans une Catalane}) 6. Nf3 {
[%emt 0:06:48]} Nbd7 {[%emt 0:00:30]} 7. O-O {[%emt 0:03:55]} e5 {[%emt 0:00:
36]} (7... Bxd2 8. Qxd2 O-O 9. Nc3 e5 10. Rfd1 Re8 $132 {Dorfman,J (2595)
-Zelcic,R (2514) EU-ch blitz Cannes 2006 (3) 1/2}) 8. Be3 $1 {[%emt 0:05:20]
[%csl Rb4][%cal Ga2a3] La menace a3 va forcer les Noirs а abandonner le centre
et les Blancs vont garder un petit avantage d'espace.} (8. Bg5 exd4 9. Nxd4 h6
10. Bf4 O-O 11. a3 Bc5 12. Nc3 a4 {[%csl Rb3]} 13. Ndb5 $1 $14 {[%csl Rc7,Rd6];
Polaczek,R (2378)-Thomas,N (2286) BCF-chT 1011 (4NCL) 2010 (4.14) 1-0}) 8...
exd4 {[%emt 0:01:13]} (8... O-O 9. a3 exd4 10. Bxd4 Bc5 11. Nc3 $14 {Swiercz,D
(2609)-Vitiugov,N (2691) Chigorin Memorial 20th 2012 (6) 1/2}) 9. Bxd4 {
[%emt 0:00:34]} O-O {[%emt 0:00:52]} 10. Nc3 {[%emt 0:07:25]} (10. a3 Bc5 11.
Nc3 (11. b3 Bxd4 12. Nxd4 Ne5 13. Nc3 c6 $132 {Pelletier,Y (2574)-Nikolova,A 
(2316) Zuerich Jubilee op 2009 (2) 1-0})) 10... Qe7 {[%emt 0:18:42] Fin de la
préparation du GMI} (10... Re8 11. Qc2 c6 12. a3 Bc5 13. Rad1 Qe7 14. Rd2 Bxd4
15. Nxd4 Nb6 16. Qb3 Qc7 17. a4 Nbd7 18. Qc2 Nc5 19. Rfd1 Qb6 20. h3 h6 21. e3
Qb4 22. b3 Bd7 23. Rb1 Rad8 24. Nde2 Bc8 25. g4 {Le Quang,L (2715)-Bruzon
Batista,L (2673)/Khanty-Mansiysk 2011/CBM 145/0-1 (66)}) (10... c6) 11. Qc2 {
[%emt 0:15:23]} (11. Nd5 $5 Nxd5 12. cxd5 {[%csl Rc7]}) 11... c6 {[%emt 0:08:
48][%csl Gd5]} 12. Na4 $5 $146 {[%emt 0:09:41][%cal Ga2a3]} (12. Rad1 Re8 13.
Ng5 Ne5 (13... Bxc3 14. Bxc3 Qxe2 15. Qxe2 Rxe2 16. Rxd6 $14) 14. Na4 Bg4 $11
15. h3 h6 16. Nf3 Bxf3 17. exf3 Ned7 18. f4 Qe2 19. Qxe2 Rxe2 20. Bf3 Rc2 21.
Rc1 Rxc1 22. Rxc1 Nc5 23. Nxc5 Bxc5 24. Bxc5 dxc5 25. Rc3 a4 26. Kg2 Rd8 {
Horvath,J (2530)-Jovanovic,S (2375)/Porec 1998/EXT 1999/1/2-1/2 (38)}) 12...
Re8 {[%emt 0:05:10]} 13. e3 {[%emt 0:02:07]} Bc5 {[%emt 0:19:02]} 14. Rad1 {
[%emt 0:04:06]} (14. Nxc5 {La suite logique de la nouveauté Na4} Nxc5 15. Rad1
$14 {[%csl Gd4,Rd6,Gg2][%cal Gf3h4,Gh4f5]}) 14... Ne4 {[%emt 0:07:53]} 15. Nd2
{[%emt 0:04:01]} Nxd2 {[%emt 0:08:51]} 16. Qxd2 {[%emt 0:04:50]} Ne5 {[%emt 0:
03:00]} 17. b3 {[%emt 0:05:30]} h5 $2 {[%emt 0:07:17]} (17... Bb4 $142 18. Qb2
$14 {[%cal Ga2a3]}) 18. Bxc5 $1 {[%emt 0:02:43]} (18. Nxc5 $143 dxc5 19. Bc3 a4
$132 {[%csl Ga8]}) 18... dxc5 {[%emt 0:00:05]} 19. Qd6 $1 {[%emt 0:00:32][%csl
Rc5]} Qxd6 {[%emt 0:03:14]} 20. Rxd6 {[%emt 0:00:04]} h4 {[%emt 0:03:00]} 21.
gxh4 $1 {[%emt 0:00:47] Probablement une mauvaise surprise pour les Noirs} (21.
Nxc5) 21... Kf8 {[%emt 0:00:26]} 22. h3 {[%emt 0:02:09]} (22. Rfd1 Ke7 23. Nxc5
) 22... Ng6 {[%emt 0:03:28]} 23. h5 $1 {[%emt 0:03:22]} Nh4 {[%emt 0:00:06]}
24. Rfd1 $32 {[%emt 0:00:53][%csl Ra8,Rb6,Rc5,Rc8] Non seulement les Noirs
sont en retard de développement mais ils peuvent difficilement contester le
contrôle de la colonne "d"} Rb8 {[%emt 0:06:51]} 25. h6 $5 {[%emt 0:03:46]
Après la simplification, les Blancs vont obtenir un P passé sur la colonne "h"}
(25. Nb6) 25... gxh6 {[%emt 0:01:31]} 26. Rxh6 {[%emt 0:00:26]} Nxg2 {[%emt 0:
00:09]} 27. Rh8+ {[%emt 0:00:47]} Ke7 {[%emt 0:00:05]} 28. Rxe8+ {[%emt 0:00:
08]} Kxe8 {[%emt 0:00:04]} 29. Kxg2 {[%emt 0:00:06][%csl Gh3]} b6 {[%emt 0:00:
42]} 30. Kg3 {[%emt 0:01:08]} Ke7 {[%emt 0:00:12]} 31. f3 {[%emt 0:03:00]} (31.
h4 $5 Be6 32. Rh1 {[%csl Gh1,Gh4]} b5 33. Nxc5 bxc4 34. Nxe6 Kxe6 35. bxc4 Kf6
36. Kf4 Rb2 37. h5 Kg7 38. a4 Rxf2+ 39. Ke5 {[%csl Rc6,Ge5,Rg7][%cal Ge5d6]}
Ra2 40. Kd6 Rxa4 41. c5 Re4 42. Kxc6 a4 43. h6+ Kh7 44. Kd5 $18 {[%csl Gc5]
[%cal Gc5c8]}) 31... Be6 {[%emt 0:01:03]} 32. Rd2 $1 {[%emt 0:02:01]
Anticipant l'ouverture de la colonne "b"} b5 {[%emt 0:00:59]} 33. Nxc5 {
[%emt 0:02:52]} bxc4 {[%emt 0:00:08]} 34. bxc4 {[%emt 0:00:15]} Bxc4 {[%emt 0:
00:17]} 35. Rc2 {[%emt 0:00:58]} Bf1 {[%emt 0:01:03]} 36. Nb3 {[%emt 0:02:18]}
(36. h4) 36... Rg8+ {[%emt 0:00:28]} 37. Kh2 $6 $138 {[%emt 0:01:37][%csl Rh2]
Trop passif} (37. Kf4 $142 Rh8 38. Nxa5 Bxh3 39. Nxc6+ {[%csl Ga2]}) 37... a4 {
[%emt 0:00:12]} 38. Nd4 {[%emt 0:00:23]} c5 {[%emt 0:00:09]} 39. Nf5+ {[%emt 0:
01:20]} Ke6 {[%emt 0:00:16]} 40. Nh6 {[%emt 0:00:00]} Rh8 $2 $138 {[%emt 0:00:
00] Il restait au GMI plus de 02 minutes pour jouer le 40ème coup et répondre
а tempo était une faute} (40... Rg6 $142 41. Rxc5 Rg2+ $1 {Illustrant non
seulement la différence entre les deux varaintes mais aussi le fait que 37.
Kh2 au lieu de Kf4 était imprécis.} 42. Kh1 Rxa2 $132 {[%csl Ga4,Rh1][%cal
Gf1h3]}) 41. Rxc5 {[%emt 0:04:50]} f6 {[%emt 0:11:56]} 42. Kg1 {[%emt 0:08:32]}
Be2 {[%emt 0:12:21]} 43. Rc6+ {[%emt 0:06:14]} Ke7 {[%emt 0:00:12]} 44. Nf5+ {
[%emt 0:01:20]} Kd7 {[%emt 0:00:10]} 45. Rd6+ $1 {[%emt 0:01:45]} Kc7 {[%emt 0:
00:23]} 46. Kg2 $18 {[%emt 0:04:56]} Bc4 {[%emt 0:05:09]} 47. Rd4 {[%emt 0:02:
12]} Be6 {[%emt 0:01:13]} 48. e4 {[%emt 0:00:21]} Bd7 {[%emt 0:00:50]} 49. h4 {
[%emt 0:01:12]} a3 {[%emt 0:02:50]} 50. Ne3 {[%emt 0:02:34]} Be6 {[%emt 0:00:
07]} 51. Kg3 {[%emt 0:01:15]} Rg8+ {[%emt 0:01:57]} 52. Kf4 {[%emt 0:01:48]}
Rh8 {[%emt 0:00:30]} 53. Nf5 {[%emt 0:00:51]} Ra8 {[%emt 0:00:17]} 54. Rd2 {
[%emt 0:00:15]} Rb8 {[%emt 0:00:44]} 55. Nd4 {[%emt 0:00:24]} Bf7 {[%emt 0:00:
35]} 56. Rd3 {[%emt 0:00:15]} 1-0

[Event "Cappelle op 31st"]
[Site "Cappelle la Grande"]
[Date "2015.03.02"]
[Round "4"]
[White "Sumets, Andrey"]
[Black "Petkov, Vladimir"]
[Result "1/2-1/2"]
[WhiteElo "2574"]
[BlackElo "2517"]
[Annotator "RR"]
[PlyCount "124"]
[EventDate "2015.02.28"]
[EventType "swiss"]
[EventRounds "9"]
[EventCountry "FRA"]
[SourceTitle "EXT 2016"]
[Source "ChessBase"]
[SourceDate "2015.10.08"]
[SourceVersion "1"]
[SourceVersionDate "2015.10.08"]
[SourceQuality "1"]

1. d4 Nf6 2. c4 e6 3. Nf3 Bb4+ 4. Nbd2 O-O 5. a3 Be7 6. e4 d6 7. Qc2 (7. Be2 c5
8. d5 Nbd7 9. O-O e5 10. Ne1 Ne8 11. Nd3 g6 12. b4 b6 13. a4 a5 14. bxa5 Rxa5
15. Nb3 Ra6 16. Bh6 Ng7 17. Qd2 Nf6 18. f3 Kh8 19. a5 Ng8 20. Be3 f5 21. axb6
Rxa1 22. Rxa1 Qxb6 23. Qc2 Nf6 24. Nf2 Bd7 25. Rb1 Rb8 26. Nd2 Qa7 27. Rxb8+
Qxb8 28. f4 exf4 29. Bxf4 fxe4 30. g4 Qf8 31. Be3 h5 32. h3 hxg4 33. hxg4 Nge8
34. Kg2 Qg7 35. Qb1 Kg8 36. Qb8 Bf8 {Giri,A (2797)-Dominguez Perez,L (2726)
Tbilisi 2015 1/2-1/2 (63)}) 7... Nbd7 8. Be2 e5 9. O-O a5 10. b3 $146 (10. Re1
a4 $11 {[%csl Rb2]} 11. Nf1 exd4 12. Nxd4 Nc5 13. Ng3 Nfd7 14. Be3 g6 15. Rad1
Bf6 16. f4 Re8 17. Bf3 Ne6 18. Nb5 Bg7 19. Bg4 Nf6 20. Bh3 Qe7 21. e5 dxe5 22.
fxe5 Nh5 23. Nxh5 gxh5 24. Bf5 Nf8 25. Bxc8 Rexc8 26. Bd4 Ne6 27. Bf2 Qg5 28.
Qe4 b6 29. Rd7 Re8 30. Qf3 Qg6 31. Nxc7 Nxc7 32. Rxc7 Ra5 33. Rc6 Qc2 34. Bxb6
Raxe5 35. Rf1 R5e7 36. Bc5 Rd7 37. Rd6 Rc7 38. Bd4 Qxc4 39. Qg3 f6 {Blasovszky,
I (2220)-Sipos,J Zalakaros 1995 1-0 (62)}) 10... Re8 11. Bb2 Bf8 (11... exd4
12. Nxd4 Bf8) 12. d5 c6 13. Rab1 Be7 14. Ne1 Nf8 15. Nd3 $14 Ng6 16. b4 cxd5 $1
17. cxd5 axb4 18. axb4 Bd7 $11 19. Rfc1 Ng4 20. Nc4 Ba4 21. Qc3 Nf6 (21... b5
$6 22. Na5 {[%cal Ga5c6]}) 22. f3 Nh5 23. g3 Rc8 24. Qe1 Bg5 25. f4 Nhxf4 26.
gxf4 Nxf4 27. Nxf4 Bxf4 28. Rc3 b5 29. Ra1 Qg5+ 30. Kh1 bxc4 31. Rxa4 Bd2 32.
Qg3 Qxg3 33. hxg3 Bxc3 34. Bxc3 Ra8 35. Ra5 Rxa5 36. bxa5 Rb8 37. a6 Rb3 38.
Bd2 Rb2 39. a7 Ra2 40. Be3 c3 41. Bd1 h5 42. Bb3 Ra3 43. Kg2 g5 44. Kf3 f6 45.
Ke2 h4 46. gxh4 gxh4 47. Bc2 Ra2 48. Kf1 h3 49. Kg1 Kf8 50. Bb3 Ra3 51. Kh2 Ke7
52. Kxh3 Kd7 53. Kg4 Kc7 54. Kf5 Kb7 55. Bc2 Ra2 56. Bd3 c2 57. Kxf6 Ra3 58.
Bxc2 Rxe3 59. Ke6 Rc3 60. Bd1 Re3 61. Bc2 Rc3 62. Bd1 Re3 1/2-1/2